000 00849nam a22002177a 4500
999 _c1778
_d1778
003 AR-CdUCM
008 190227b ||||| |||| 00| 0 spa d
040 _aMUNICIPALIDAD PROVINCIAL DEL CUSCO
_cBIBLIOTECA MUNICIPAL DEL CUSCO
082 _a307.66 /
_bF38
100 _aFernández Baca, Inés
_96532
245 _aNosotros los cusqueños :
_bvisión de progreso del poblador urbano del Cusco /
260 _aCusco :
_bCentro Guaman Poma de Ayala,
_c1997.
300 _a175 páginas ;
_bCuadros, imagenes
_c21 cm.
505 _aVisión de progreso del poblador urbano del Cusco -- Visión de progreso de las élites políticas e intelectuales cusqueñas.
650 _aCambio social
_95168
650 _aTrabajo
_94726
650 _aSector popular
_96533
700 _aNieto Degregori, Luis
_96534
942 _2ddc
_cLIBROS
945 _aafb
_d2019-02-27